Anime of the Year (2019) - 6th Anime Trending Awards - Statistics

General Stats
  • This quiz has been taken 4 times
  • The average score is 4 of 17
Answer Stats
Hint Answer Season Source Studio Votes % % Correct
4 Attack on Titan S3 Part II 2019 Spring Manga WIT Studio 6518 9.38%
100%
5 Demon Slayer: Kimetsu no Yaiba 2019 Spring Manga ufotable 6002 8.64%
100%
12 Dr. Stone 2019 Summer Manga TMS Entertainment 2805 4.04%
50%
11 Dororo 2019 Winter Manga MAPPA 2939 4.23%
25%
8 Kaguya-sama: Love is War 2019 Winter Manga A-1 Pictures 3878 5.58%
25%
3 Sword Art Online Alicization: War of the Underworld 2019 Fall Light novel A-1 Pictures 6885 9.91%
25%
1 Vinland Saga 2019 Summer Manga WIT Studio 7139 10.27%
25%
2 Astra Lost in Space 2019 Summer Manga Lerche 7125 10.25%
0%
17 Carole & Tuesday 2019 Spring Original Bones 1522 2.19%
0%
10 Fate/Grand Order: Absolute Demonic Front - Babylonia 2019 Fall Game CloverWorks 3043 4.38%
0%
7 Fruits Basket (2019) 2019 Spring Manga TMS Entertainment 4390 6.32%
0%
15 Given 2019 Summer Manga Lerche 2299 3.31%
0%
9 Karakai Jouzu no Takagi-san S2 2019 Summer Manga Shin-Ei Animation 3121 4.49%
0%
16 O Maidens in Your Savage Season 2019 Summer Manga Lay-duce 1605 2.31%
0%
13 Senryu Girl 2019 Spring 4-koma manga Connect 2673 3.85%
0%
6 The Promised Neverland 2019 Winter Manga CloverWorks 5015 7.22%
0%
14 The Rising of the Shield Hero 2019 Winter Light novel Kinema Citrus 2545 3.66%
0%
No matching quizzes found
Score Distribution
Percent of People with Each Score
Percentile by Number Answered
Your Score History
You have not taken this quiz